• 首页
  • 本馆介绍
  • 公告通知
  • 最新文献
  • 馆藏检索
  • 电子资源
  • 读者导购
  • 参考咨询
  • 我的图书馆
  • 登录
  • 详细信息显示
  • 放入我的书架
  • 预约/预借图书
  • 作者相关作品
  • 分类相关作品
  • 丛书相关作品
  • 出版社相关作品

书目信息

  • 表格格式
  • 工作单格式
  • 卡片格式
题名:
RF MEMS 理论·设计·技术
    
 
作者: 雷茨 , Rebeiz 著 ;黄庆安 , 廖小平 译
分册:  
出版信息: 南京   东南大学出版社  2005
页数: 403页
开本: 24cm
丛书名: 微纳系统系列译丛
单 册:
中图分类: TM38
科图分类:
主题词: 微电机
电子资源:
ISBN: 7-5641-0197-0
000 01243oam2 2200313 450
001 012007468182
005 20070515112729.93
010    @a7-5641-0197-0@dCNY78.00
100    @a20070423d2005 km y0chiy0120 ea
101 1  @achi@ceng
102    @aCN@b320000
105    @ay z 000yy
106    @ar
200 1  @aRF MEMS 理论·设计·技术@ARF MEMS li lun·she ji·ji shu@f(美)Gabriel M.Rebeiz著@F(mei)Gabriel M.Rebeiz zhu@g黄庆安,廖小平译@Ghuang qing an,liao xiao ping yi
210    @a南京@c东南大学出版社@d2005
215    @a403页@d24cm
225 2  @a微纳系统系列译丛
306    @a本书由WILEY授权出版
330    @a本书共分15章,论述RF MEMS与传统半导体器件相比之下的优点及其应用领域;论述RF MEMS器件的静态、动态和电磁模型;论述了国际上RF MEMS 开关的研究进展;论述MEMS开关的制备、封装、可靠性及功率处理能力;MEMS开关的电路设计;论述MEMS移项器、分布式MEMS移相器及开关等.
461  0 @12001 @a微纳系统系列译丛
510 1  @aRF MEMS theory, design and technology@zeng
606 0  @a微电机
690    @aTM38@v4
701  1 @c(美)@a雷茨@Alei ci@bG.M.@4著
701  1 @c(美)@aRebeiz@bGabriel M.@4著
702  0 @a黄庆安@Ahuang qing an@4译
702  0 @a廖小平@Aliao xiao ping@4译
801  0 @aCN@bRULIN@c20070515
905    @dTM38@e37@s5
    
    RF MEMS 理论·设计·技术/(美)Gabriel M.Rebeiz著/黄庆安,廖小平译.-南京:东南大学出版社,2005
    403页;24cm.-(微纳系统系列译丛)
    
    
    ISBN 7-5641-0197-0:CNY78.00
    本书共分15章,论述RF MEMS与传统半导体器件相比之下的优点及其应用领域;论述RF MEMS器件的静态、动态和电磁模型;论述了国际上RF MEMS 开关的研究进展;论述MEMS开关的制备、封装、可靠性及功率处理能力;MEMS开关的电路设计;论述MEMS移项器、分布式MEMS移相器及开关等.
●
相关链接 在E读中查询图书 在五车中查询图书 在当当中查询图书 在豆瓣中查询图书


正题名:RF MEMS 理论·设计·技术     索取号:TM38/37         预约/预借

序号 登录号 条形码 馆藏地/架位号 状态 备注
1 0570516   205705165   第二样本阅览室/ [索取号:TM38/37] 在馆    
2 0570517   205705174   第三借阅区/ [索取号:TM38/37] 在馆    
3 0570518   205705183   第三借阅区/ [索取号:TM38/37] 在馆    
4 0570519   205705192   第三借阅区/ [索取号:TM38/37] 在馆    
5 0570520   205705209   第三借阅区/ [索取号:TM38/37] 在馆    
唐山师范学院图书馆 欢迎您!
大连网信软件有限公司© 版权所有